|
|
|
|
| LEADER |
00000caa a2200000 c 4500 |
| 001 |
1380952557 |
| 003 |
DE-627 |
| 005 |
20220528114829.0 |
| 007 |
tu |
| 008 |
090921s2009 xx ||||| 00| ||ger c |
| 020 |
|
|
|a 9783926371867
|
| 035 |
|
|
|a (DE-627)1380952557
|
| 035 |
|
|
|a (DE-576)310952557
|
| 035 |
|
|
|a (DE-599)BSZ310952557
|
| 040 |
|
|
|a DE-627
|b ger
|c DE-627
|e rakwb
|
| 041 |
|
|
|a ger
|
| 100 |
1 |
|
|a Kawamura-Reindl, Gabriele
|d 1957-
|0 (DE-588)12023923X
|0 (DE-627)080545467
|0 (DE-576)171979966
|4 aut
|
| 109 |
|
|
|a Kawamura-Reindl, Gabriele 1957-
|a Reindl, Gabriele Kawamura- 1957-
|a Kawamura, Gabriele 1957-
|
| 245 |
1 |
0 |
|a Frauenstrafvollzug in Deutschland
|b Bestandsaufnahme und Empfehlungen
|c Gabriele Kawamura-Reindl
|
| 264 |
|
1 |
|c 2009
|
| 336 |
|
|
|a Text
|b txt
|2 rdacontent
|
| 337 |
|
|
|a ohne Hilfsmittel zu benutzen
|b n
|2 rdamedia
|
| 338 |
|
|
|a Band
|b nc
|2 rdacarrier
|
| 773 |
0 |
8 |
|i In
|t Täterinnen
|d Wiesbaden : KrimZ, Kriminologische Zentralstelle, 2009
|g (2009), Seite [213]-235
|h 292 S.
|w (DE-627)605656363
|w (DE-576)309695600
|z 9783926371867
|7 nnam
|
| 773 |
1 |
8 |
|g year:2009
|g pages:[213]-235
|
| 951 |
|
|
|a AR
|
| ELC |
|
|
|b 1
|
| LOK |
|
|
|0 000 xxxxxcx a22 zn 4500
|
| LOK |
|
|
|0 001 2610269358
|
| LOK |
|
|
|0 003 DE-627
|
| LOK |
|
|
|0 004 1380952557
|
| LOK |
|
|
|0 005 20260108163150
|
| LOK |
|
|
|0 008 090921||||||||||||||||ger|||||||
|
| LOK |
|
|
|0 040
|a DE-21-110
|c DE-627
|d DE-21-110
|
| LOK |
|
|
|0 689
|a s
|a Frauenstrafvollzug
|
| LOK |
|
|
|0 852
|a DE-21-110
|
| LOK |
|
|
|0 852 1
|m p
|9 00
|
| LOK |
|
|
|0 935
|a tre2
|
| LOK |
|
|
|0 938
|k p
|
| LOK |
|
|
|0 939
|a 21-09-09
|b l01
|
| ORI |
|
|
|a SA-MARC-krimdoka001.raw
|